000 00737nam a2200229Ia 4500
005 20241129105908.0
008 241129s9999||||xx |||||||||||||| ||und||
020 _a978-93-92083-07-5
037 _aTB
040 _aARTS
_bhin
_cARTS
041 _ahin
_2hin
084 _aO152,3:g R1
_qARTS
100 _aनवलकिशोर, ले.
245 0 _aकथा आलोचना
_cनवलकिशोर, ले.
260 _aनई दिल्ली, भारत
_bनयी प्रकाशन संस्थान
_c2021
300 _a302पृ0
365 _aINR
_b750
546 _aTranslated from Punjabi to Hindi
650 _aHindi Fiction
942 _cTB
_hO152,3:g R1
999 _c1226479
_d1226479